Крылья страха: Роман

ग्रंथसूची विवरण
मुख्य लेखक: Данилова А. В. Анна Васильевна
सारांश:Исключено из фонда НТБ ТПУ
भाषा:रूसी
प्रकाशित: Москва, ЭКСМО-Пресс, 1998
श्रृंखला:Детектив глазами женщины
स्वरूप: MixedMaterials पुस्तक
KOHA link:https://koha.lib.tpu.ru/cgi-bin/koha/opac-detail.pl?biblionumber=12506

MARC

LEADER 00000nam0a2200000 4500
001 12506
005 20231030184408.0
010 |a 5040015151 
035 |a (RuTPU)RU\TPU\book\12583 
035 |a BOOK00012649 
090 |a 12506 
100 |a 20011209d1998 m y0rusy50 ca 
101 0 |a rus 
102 |a RU 
105 |a y z 000ay 
200 1 |a Крылья страха  |e Роман  |f А. В. Данилова 
210 |a Москва  |c ЭКСМО-Пресс  |d 1998 
215 |a 560 с. 
225 1 |a Детектив глазами женщины 
333 |a Исключено из фонда НТБ ТПУ 
700 1 |a Данилова  |b А. В.  |g Анна Васильевна 
801 0 |a RU  |b 63413507  |c 20011209  |g PSBO 
801 2 |a RU  |b 63413507  |c 20170518  |g PSBO 
942 |c BK